000 00436nam a2200181Ia 4500
008 220531s9999 xx 000 0 und d
041 _aeng
082 _bURB / ANJ
100 _aAnjum, S. M.
_981894
245 _aUrban Sociology
250 _a1ST
260 _aDelhi
_bGlobus Press
_c2016
300 _a256
542 _d28-03-2018
650 _aUrban Sociology
_981895
906 _d2017-2018
_f12349
999 _c45191
_d45191